[Вып. 8] : Электромагнитные методы; Методы и приборы автоматического неразрушающего контроля

Bibliographische Detailangaben
Parent link:Методы и приборы автоматического неразрушающего контроля: [сборник научных трудов]/ Рижский политехнический институт. [Вып. 8] : Электромагнитные методы.— , 1977-
Sprache:Russisch
Veröffentlicht: 1984
Schlagworte:
Format: Buch
KOHA link:https://koha.lib.tpu.ru/cgi-bin/koha/opac-detail.pl?biblionumber=282103

MARC

LEADER 00000nam2a2200000 4500
001 282103
005 20231101235452.0
035 |a (RuTPU)RU\TPU\book\305976 
090 |a 282103 
100 |a 20150128d1984 k y0rusy5003 ca 
101 0 |a rus 
102 |a RU 
200 0 |a [Вып. 8] : Электромагнитные методы 
210 |d 1984 
215 |a 152 с.  |c ил.  |d 20 см 
320 |a Библиогр. в конце ст. 
461 1 |0 (RuTPU)RU\TPU\book\272085  |t Методы и приборы автоматического неразрушающего контроля  |o [сборник научных трудов]  |f Рижский политехнический институт  |v [Вып. 8] : Электромагнитные методы  |d 1977-  
606 1 |a Неразрушающий контроль  |2 stltpush  |3 (RuTPU)RU\TPU\subj\66931  |9 82903 
610 1 |a электромагнитные методы 
610 1 |a промышленные изделия 
610 1 |a качество 
610 1 |a вихретоковые методы 
610 1 |a сварные соединения 
610 1 |a дефекты 
610 1 |a вихретоковые преобразователи 
610 1 |a сигналы 
610 1 |a метод высших гармоник 
610 1 |a объекты 
610 1 |a механические свойства 
610 1 |a оценка 
675 |a 620.179.1  |z rus  |v 4 
801 0 |a RU  |b RuMRKP  |c 19950704  |g psbo 
801 1 |a RU  |b 63413507  |c 20150128 
801 2 |a RU  |b 63413507  |c 20170502  |g RCR 
942 |c BK